[Event "Clutch Chess International"]
[Site "Saint Louis"]
[Date "2020.06.08"]
[Round "1.8"]
[White "Carlsen, Magnus"]
[Black "Xiong, Jeffery"]
[Result "1/2-1/2"]
[WhiteElo "2881"]
[BlackElo "2730"]
[Annotator "TA"]
[PlyCount "208"]
[EventDate "2020.06.05"]
[EventType "k.o."]
[EventCountry "USA"]
[SourceTitle "playchess.com"]
[Source "ChessBase"]
[SourceQuality "1"]

{[%evp 18,208,-6,-7,17,0,22,27,52,34,48,16,37,33,22,34,27,-33,-17,-40,-46,-56,-44,-52,-14,-25,-19,-57,-36,-79,-50,-51,-56,-49,-9,-13,-14,-27,-34,-37,-17,-65,6,0,75,-11,-6,-12,-6,0,-3,-6,0,-33,0,0,0,0,149,148,152,152,137,137,104,125,76,52,54,35,209,207,176,72,278,269,472,450,404,401,401,0,311,64,62,0,0,0,65,58,825,792,660,690,579,22,23,22,22,22,51,44,44,44,44,44,55,23,23,23,47,22,22,22,22,22,22,22,22,22,22,22,22,22,22,22,22,22,22,22,22,22,22,12,22,22,22,22,22,22,22,22,22,22,22,22,22,22,22,22,23,23,23,23,30,30,30,30,30,30,30,30,30,30,30,30,30,30,30,23,30,30,30,26,26,23,30,30,30,30,30,23,23,22,22,22,22,22,22,22,22,0,0]} 1. e4 e6 2. Qe2 c5 3. g3 Nc6 4. Bg2 g6 5. Nf3 Bg7 6. O-O Nge7 7. c3 e5 8. a3 O-O 9. b4 d6 10. d3 a6 {C00: French: Unusual White 2nd moves.} 11. Be3 {[#]} cxb4 $146 ({Predecessor:} 11... b6 12. Qd2 Be6 13. Bh6 cxb4 14. Bxg7 Kxg7 15. axb4 d5 16. exd5 Bxd5 17. Qe2 f6 18. Nbd2 {½-½ (62) Yudasin,L (2522)-Yang,D (2432) Philadelphia 2011}) 12. axb4 Be6 {White has an edge.} 13. Ng5 Bd7 14. Nd2 h6 15. Ngf3 Be6 16. Rfb1 f5 17. Nf1 (17. Nc4 $11) 17... f4 $15 18. Bd2 g5 $36 {[%mdl 2048] Black has the initiative.} 19. h3 $1 Qd7 20. g4 Rfc8 21. Qd1 b5 22. N1h2 d5 23. Ne1 d4 24. Nhf3 dxc3 25. Bxc3 Nd4 26. Bxd4 exd4 27. h4 gxh4 28. Nxh4 Bxg4 29. Qb3+ Kh8 (29... Kh7 $15) 30. Qf7 $11 {Hoping for Qxe7!} Re8 (30... Rc6 $11 31. Qxf4 Rf8) 31. e5 (31. Qxf4 $16 Rg8 32. Rc1) 31... Be6 32. Qxf4 Rg8 33. Qh2 Bd5 34. f4 Qg4 35. Rb2 h5 (35... a5 $5 36. Rxa5 h5 37. Rxa8 Bxa8 $11) 36. Kh1 $1 Bh6 37. Bxd5 $1 Nxd5 (37... Bxf4 $11 {keeps the balance.} 38. Rg2 Bxh2 39. Rxg4 hxg4 40. Bxa8 (40. Bxg8 Bg3 $11) 40... Bg3) 38. Rg2 $16 Qxf4 {Strongly threatening ...Qf1+.} 39. Ng6+ Rxg6 40. Rxg6 Qxh2+ 41. Kxh2 Bf4+ 42. Kh1 Nxb4 43. e6 {aiming for e7.} Kh7 $2 (43... Re8 $14) 44. Rf6 $18 Be3 45. Rf7+ (45. Nf3 $1 $18 {is more deadly.}) 45... Kg6 $2 (45... Kh8 $16 {was called for.}) 46. Ng2 Nxd3 $2 (46... Re8 {might work better.}) 47. Nxe3 dxe3 {[%mdl 4096] Endgame KRR-KRN} 48. Rg1+ Kh6 {next ...Nf2+ is good for Black.} 49. Rf6+ Kh7 {[#]} 50. e7 $1 {Intending Rf7+ and mate.} Re8 $1 {[%cal Re8e7]} 51. Rf7+ {[%mdl 1024] White has compensation.} Kh6 {Black wants to play ...Nf2+.} 52. Rf6+ {[%mdl 64] Double Attack} Kh7 53. Re6 Nf2+ $2 {[%mdl 8192]} (53... b4 $14) 54. Kg2 Ng4 55. Rf1 Kg7 {[#]} 56. Rf5 $2 (56. Kh3 $1 $18 {[%cal Rh3h4]} Nh6 57. Rxe3) 56... b4 $11 57. Kf3 b3 58. Rxh5 Kf7 59. Rb6 e2 $1 {[%cal Re2e1][%mdl 64] Decoy} 60. Kxe2 Rxe7+ 61. Kd2 {Black must now prevent Rh7+.} Nf6 62. Rh1 Ne4+ 63. Kc1 {And now Rh7+ would win.} Nc5 64. Rh7+ Ke8 65. Rh5 b2+ 66. Kd2 Rb7 67. Rxb7 Nxb7 {KR-KN} 68. Kc2 Kd7 69. Kxb2 Kc6 70. Kb3 Kb6 71. Kb4 a5+ 72. Kc4 Nd6+ 73. Kd5 Nb7 74. Rh8 Kb5 75. Ra8 (75. Kd4 {feels hotter.} Kc6 76. Rh4 Nd6 77. Rh5 Nb5+ 78. Kd3) 75... Kb6 76. Rb8 Kc7 77. Rh8 Kb6 78. Kd4 Kc6 79. Rh5 Kb6 80. Kd5 Kb5 81. Rh1 Kb6 82. Rb1+ Kc7 83. Rb5 a4 84. Rb4 Nd6 85. Rxa4 Nb7 86. Ra6 Nd8 87. Rh6 Nb7 88. Rh7+ Kb6 89. Rg7 Na5 90. Rg1 Nb7 91. Rc1 Na5 92. Rb1+ Kc7 93. Ke6 Nb7 94. Rc1+ Kb6 $1 95. Rc2 Nc5+ 96. Kd6 Nb7+ 97. Kd5 Na5 98. Rb2+ Kc7 99. Kc5 Nb7+ 100. Kb5 Nd6+ {The position is equal.} 101. Ka6 Kc6 102. Rc2+ Kd5 103. Rc1 Nc4 104. Rxc4 Kxc4 {Accuracy: White = 83%, Black = 77%.} 1/2-1/2

[Event "Clutch Chess International"]
[Site "Saint Louis"]
[Date "2020.06.09"]
[Round "1.8"]
[White "Dominguez Perez, Leinier"]
[Black "Caruana, Fabiano"]
[Result "0-1"]
[WhiteElo "2786"]
[BlackElo "2773"]
[Annotator "TA"]
[PlyCount "72"]
[EventDate "2020.06.05"]
[EventType "k.o."]
[EventCountry "USA"]
[SourceTitle "playchess.com"]
[Source "ChessBase"]
[SourceQuality "1"]

{[%evp 9,72,0,0,0,15,8,15,4,17,10,8,0,23,0,0,0,0,0,0,0,0,-23,-12,-66,-45,-46,-60,-60,-50,-55,-39,-43,-43,-45,-22,-66,-56,-53,-43,-55,-32,-71,-68,-69,-50,-75,-55,-99,-89,-96,-95,-117,-115,-136,-92,-92,-104,-139,-114,-122,-111,-429,-431,-393,-387]} 1. e4 c6 2. d4 d5 3. e5 Bf5 4. h4 h5 5. Bd3 Bxd3 6. Qxd3 {B12: Caro-Kann: Advance Variation.} Qa5+ 7. Nd2 {With the idea e6!} e6 8. Ngf3 {The position is equal.} Nh6 9. O-O Nf5 10. Nb3 {[#]} Qb5 $1 $146 {[%mdl 8] An important novelty.} ({Predecessor:} 10... Qa6 11. Qd1 Nd7 12. Bf4 Be7 13. g3 Rc8 14. c3 c5 15. a4 Qb6 16. Ra2 a6 17. dxc5 Bxc5 {½-½ (48) Jones,G (2709)-Xiong,J (2684) Saint Louis 2019}) 11. Qd1 c5 12. a4 Qb6 13. a5 Qb5 14. dxc5 Bxc5 15. Re1 a6 16. Nbd4 ({Better is} 16. Nxc5 $11 Qxc5 17. Be3) 16... Nxd4 17. Nxd4 Bxd4 18. Qxd4 Nc6 19. Qf4 Qb4 20. c3 Qxf4 21. Bxf4 O-O-O 22. Be3 d4 23. cxd4 Rd5 24. Rec1 Kb8 (24... Rb5 {with more complications.} 25. Ra4 Kd7 26. Rc5 Rxb2 27. Rac4 Rb1+) 25. Rc5 Rxc5 26. dxc5 $17 {[%mdl 4096] Endgame KRB-KRN} Rd8 27. Ra4 Kc8 28. Re4 Rd5 29. g4 hxg4 30. Rxg4 g6 31. f4 Kd7 32. h5 {[#] aiming for h6.} gxh5 33. Rg8 Nxa5 34. Rf8 Ke7 35. Rb8 $2 {[%mdl 8192] [#]} (35. Rc8 $17) 35... Rd8 $1 $19 {[%cal Rd8b8]} 36. Rxd8 Kxd8 {Accuracy: White = 67%, Black = 93%.} 0-1

[Event "Clutch Chess International"]
[Site "Saint Louis"]
[Date "2020.06.09"]
[Round "1.8"]
[White "Aronian, Levon"]
[Black "Grischuk, Alexander"]
[Result "0-1"]
[WhiteElo "2778"]
[BlackElo "2784"]
[Annotator "TA"]
[PlyCount "96"]
[EventDate "2020.06.05"]
[EventType "k.o."]
[EventCountry "USA"]
[SourceTitle "playchess.com"]
[Source "ChessBase"]
[SourceQuality "1"]

{[%evp 10,96,17,20,22,24,22,0,10,0,0,0,21,16,34,31,32,12,25,-18,-10,-38,-37,-58,-53,-55,-49,-60,-50,-118,-97,-101,-114,-303,-282,-305,-210,-211,-210,-216,-205,-193,-177,-182,-104,-85,-87,-92,-76,-85,-68,-87,-45,-87,0,-203,-195,-188,-203,-397,-395,-407,-397,-411,-408,-425,-425,-700,-688,-665,-655,-4822,-6091,-7139,-5848,-29957,-29960,-29957,-29960,-29959,-29959,-9835,-6626,-9835,-5486,-29969,-29972,-29973,-29973]} 1. d4 f5 2. Nf3 Nf6 3. Bg5 e6 4. Nbd2 Be7 5. Bxf6 Bxf6 6. e4 d5 {is now debated instead of 6...fxe4. 6...0-0 is not played anymore. A80: Dutch Defence: Unusual White second moves.} 7. exf5 exf5 8. Bd3 Qe7+ $5 {[%mdl 4] The position is equal. Exploring less charted territory.} 9. Be2 O-O 10. O-O Be6 11. Re1 Nd7 {[%cal Bb8d7,Bd7c5,Bc5e4,Be4f2,Bf2d1][%mdl 32] [#]} 12. c4 $146 ({Predecessor:} 12. Nb3 g5 13. Bd3 Qf7 14. Qd2 h6 15. Qb4 b6 16. Bb5 a5 17. Qd2 Rac8 18. Bxd7 Bxd7 {1-0 (55) Safyanovsky,M (2349)-Paldus,P (2098) Marianske Lazne 2006}) 12... Qf7 13. Qb3 Rab8 14. a4 c5 15. dxc5 Nxc5 16. Qa3 Ne4 {[%cal Rd5c4]} 17. cxd5 Bxd5 18. Rad1 Rbd8 19. Qb4 (19. Qe3 $15) 19... Be7 $36 {[%mdl 2048] Black has strong initiative.} 20. Qa5 b6 21. Qxa7 $2 {[#]} (21. Qb5 $17) 21... Nxf2 $1 $19 {[%mdl 512]} 22. Bc4 (22. Kxf2 Bc5+) 22... Bc5 23. Qxf7+ Rxf7 24. b4 {Black must now prevent Rb1.} Nxd1+ 25. bxc5 Bxc4 ({And not} 25... bxc5 26. Bxd5 Rxd5 27. Rxd1 $11) 26. cxb6 {[#]} Nb2 (26... Ba2 $1 $19 {aiming for ...Nb2.} 27. Rxd1 Rb7) 27. Rb1 $17 Nxa4 28. Nxc4 Rb7 29. Rb4 Nc5 30. h3 Ra8 {Hoping for ...Ra4.} 31. Rb5 Ne4 ({Better is} 31... Ra1+ $17 32. Kf2 Nd7) 32. Na5 $2 {Black continues to play with concentration.} (32. Rxf5 $11 {and White is okay.} Ra4 33. Nfe5) 32... Nd6 $19 {...Rbb8 is the strong threat.} 33. Nxb7 Nxb5 {[%mdl 4096] Endgame KRN-KNN} 34. Nc5 $2 (34. Na5) 34... Nd6 35. Ne5 Ra1+ 36. Kf2 Rb1 37. Ned7 Kf7 38. g4 (38. Kg3 $142) 38... Ne4+ 39. Nxe4 fxe4 {KR-KN} 40. Ke3 Ke7 41. Nc5 Rxb6 42. h4 Kd6 43. Nxe4+ Ke5 44. Nd2 Rb4 45. Nf3+ Kd5 46. Nh2 Re4+ 47. Kf3 Ke5 48. h5 Ra4 {Accuracy: White = 49%, Black = 84%.} 0-1

[Event "Clutch Chess International"]
[Site "Saint Louis"]
[Date "2020.06.08"]
[Round "1.8"]
[White "So, Wesley"]
[Black "Vachier-Lagrave, Maxime"]
[Result "1/2-1/2"]
[WhiteElo "2741"]
[BlackElo "2860"]
[Annotator "TA"]
[PlyCount "88"]
[EventDate "2020.06.05"]
[EventType "k.o."]
[EventCountry "USA"]
[SourceTitle "playchess.com"]
[Source "ChessBase"]
[SourceQuality "1"]

{[%evp 15,88,20,22,35,46,14,16,30,35,0,39,36,41,6,23,0,0,0,0,0,34,0,62,56,52,62,85,69,86,75,64,76,103,103,119,104,135,123,223,193,203,227,198,29,29,29,29,29,29,29,29,6,11,6,12,15,29,36,36,36,36,0,0,0,0,0,0,0,0,0,0,0,4,0,0]} 1. d4 d5 2. c4 c6 3. Nf3 Nf6 4. e3 Bf5 5. Nc3 e6 6. Nh4 Be4 7. f3 Bg6 8. Qb3 Qc7 9. Bd2 {D12: Slav Defence: 3 Nf3 Nf6 4 e3 Bf5.} Be7 10. O-O-O dxc4 11. Bxc4 Nbd7 {[#]} 12. g4 $146 ({Predecessor:} 12. Nxg6 hxg6 13. h3 b5 14. Be2 a6 15. Kb1 c5 16. Rc1 c4 17. Qc2 O-O 18. g4 {½-½ (39) Ivanchuk,V (2678)-Mamedov,R (2654) Europe Chess INT 2020}) 12... b5 13. Be2 b4 14. Na4 c5 15. Qc4 O-O 16. Nxg6 hxg6 17. dxc5 Nxc5 18. Kb1 Qe5 ({Black should play} 18... Rfc8 $11 19. Nxc5 Bxc5) 19. Nxc5 $14 Bxc5 20. e4 Rfc8 21. Bxb4 Bxb4 22. Qxb4 Rab8 23. Qd4 Qa5 24. Rc1 {[%cal Bd1c1,Bc1c2,Bc2c8][%mdl 32]} Rd8 25. Qc3 Qb6 26. Rc2 Rbc8 (26... Ne8 $16 27. Rhc1 g5) 27. Qxc8 $18 Rxc8 28. Rxc8+ Kh7 29. g5 $2 {[#]} (29. Rd1 $18 {Threatens to win with g5.} g5 30. a3) 29... Qe3 $11 30. gxf6 Qxe2 31. fxg7 Kxg7 {[%mdl 4096] Endgame KQ-KRR} 32. Rc3 Qg2 33. Rd1 (33. Rhc1 {seems wilder.} Qxh2 34. a3 g5 35. Rc4 Qe2 36. R1c3) 33... Qxh2 34. a3 g5 35. Ka2 Kg6 36. Rd8 Qf2 37. Rg8+ Kf6 38. e5+ {[%mdl 64] [#] Decoy} Kxe5 {The position is equal.} 39. Rxg5+ f5 40. Rg7 Qd4 41. Rgc7 Qd5+ 42. Ka1 Qd1+ 43. Ka2 Qd5+ 44. Ka1 Qd1+ {Accuracy: White = 76%, Black = 77%.} 1/2-1/2

[Event "Clutch Chess International"]
[Site "Saint Louis"]
[Date "2020.06.08"]
[Round "1.9"]
[White "Vachier-Lagrave, Maxime"]
[Black "So, Wesley"]
[Result "1-0"]
[WhiteElo "2860"]
[BlackElo "2741"]
[Annotator "TA"]
[PlyCount "123"]
[EventDate "2020.06.05"]
[EventType "k.o."]
[EventCountry "USA"]
[SourceTitle "playchess.com"]
[Source "ChessBase"]
[SourceQuality "1"]

{[%evp 13,123,2,4,-8,-16,-10,-6,-23,-15,-14,-8,-16,-10,-31,-32,-41,-15,-7,-10,-16,-16,-23,0,0,0,0,0,-5,0,-29,-15,-54,7,24,22,0,0,0,0,0,0,-24,-25,-26,-2,-20,0,0,0,0,8,8,8,8,8,8,8,0,0,0,0,0,0,0,1,2,8,8,8,1,4,1,1,1,1,1,8,1,8,8,8,8,145,145,145,16,16,8,8,8,23,0,145,145,145,145,5716,5691,5676,5662,5600,1556,5600,361,5635,5628,5613,5592,5544,5544,4614,4238]} 1. Nf3 d5 2. e3 Nf6 3. b3 e6 4. Bb2 Be7 5. c4 O-O 6. Nc3 c5 7. cxd5 Nxd5 {now supersedes 7...exd5.} 8. h4 {A13: English Opening: 1...e6.} Nc6 9. Qb1 f5 10. Bb5 {The position is equal.} Bd7 {[#]} 11. Nxd5 $5 $146 {[%mdl 8] An interesting novelty.} ({Predecessor:} 11. h5 Nf6 12. h6 g6 13. O-O a6 14. Be2 Ng4 15. d4 cxd4 16. exd4 Nb4 17. d5 {½-½ (71) Karjakin,S (2752)-So,W (2754) Abidjan 2019}) 11... exd5 12. h5 h6 13. O-O Qe8 14. d4 Nxd4 15. exd4 {Threatens to win with Bxd7.} Bxb5 16. Re1 Qf7 17. a4 Ba6 18. Qd1 {Black must now prevent Ne5.} Bf6 19. Ne5 Bxe5 $1 20. Rxe5 c4 21. Qf3 cxb3 22. Ba3 Bc4 (22... Rfe8 $1 $15 23. Rxf5 Qd7 24. Rxd5 Qc6) 23. Bxf8 $11 Rxf8 24. Rae1 {Threatening Re7.} Qf6 $1 25. a5 b6 26. axb6 axb6 27. Rxd5 Bxd5 28. Qxd5+ {[%mdl 4096] Endgame KQR-KQR} Qf7 29. Qb5 Qxh5 30. Qxb3+ Qf7 31. Qxb6 Qf6 (31... Qc4 {keeps more tension.} 32. Qd6 Qd3 33. Kh2 Qd2 34. Qe6+ Kh7) 32. Qb3+ Kh7 33. d5 Ra8 34. Qd3 Rd8 35. g3 Qg6 36. Re5 f4 37. Qxg6+ Kxg6 38. gxf4 {KR-KR} Kf6 39. Kg2 Ra8 40. Kf3 Ra1 41. Re6+ Kf5 42. Re7 Rd1 43. Re5+ Kf6 44. Ke4 Rd2 45. f3 Kf7 46. Rh5 Ke7 47. Rh1 Kd6 (47... Kf6 $11) 48. Rg1 $16 Re2+ 49. Kd4 (49. Kf5 $16) 49... Rd2+ $11 50. Kc4 {Strongly threatening Rg6+.} Rc2+ 51. Kd3 Ra2 (51... Rc7 {with more complications.} 52. Kd4 Rf7 53. Rg6+ Rf6 54. f5 h5) 52. Ke4 (52. Rxg7 $11 Kxd5 53. Re7) 52... Re2+ $1 $16 53. Kf5 Re7 {[#]} 54. Kg6 $1 Kxd5 $2 {[%mdl 8192] Loses the game.} (54... Rb7 $16) 55. Rd1+ $18 Kc4 {[#]} 56. f5 $1 Ra7 57. f4 Kc5 58. Rd8 $2 (58. f6 gxf6 59. Kxf6) 58... h5 $2 (58... Kc4 59. Rg8 h5 60. Rxg7 Rxg7+ 61. Kxg7 h4) 59. Kxh5 {White is clearly winning.} Rf7 60. Kg6 Rf6+ 61. Kg5 Rf7 {[#]} 62. f6 $1 {[%mdl 512] Accuracy: White = 88%, Black = 74%.} 1-0

[Event "Clutch Chess International"]
[Site "Saint Louis"]
[Date "2020.06.09"]
[Round "1.9"]
[White "Grischuk, Alexander"]
[Black "Aronian, Levon"]
[Result "0-1"]
[WhiteElo "2784"]
[BlackElo "2778"]
[Annotator "TA"]
[PlyCount "80"]
[EventDate "2020.06.05"]
[EventType "k.o."]
[EventCountry "USA"]
[SourceTitle "playchess.com"]
[Source "ChessBase"]
[SourceQuality "1"]

{[%evp 12,80,21,2,9,7,27,22,24,8,18,4,10,17,13,8,12,10,13,13,15,0,9,0,0,0,0,0,0,0,0,0,0,0,0,0,0,0,55,5,5,5,5,5,2,0,8,10,8,0,17,12,10,0,0,-7,-7,-26,0,-8,-8,-8,-8,-8,-8,-225,-225,-458,-225,-29992,-29993]} 1. d4 Nf6 2. c4 e6 3. Nf3 d5 4. g3 Be7 5. Bg2 O-O 6. Nc3 Nbd7 7. Qd3 b6 {E06: Closed Catalan: Early deviations.} 8. cxd5 Nxd5 9. O-O Bb7 {The position is equal.} 10. Rd1 N7f6 {[#]} 11. Nxd5 $146 ({Predecessor:} 11. Bg5 h6 12. Bd2 Nxc3 13. Bxc3 Nd5 14. Rac1 Nxc3 15. bxc3 Rc8 16. c4 {½-½ (16) Dragov,A (1964)-Baskakov,E Nizhnij Novgorod 2012}) 11... exd5 12. Bg5 h6 13. Bxf6 Bxf6 14. b4 c6 15. Rab1 b5 16. a4 bxa4 17. Ra1 a5 18. Rxa4 axb4 19. Rxb4 Ba6 20. Qd2 Qe7 21. e3 Bc4 22. Rdb1 Ra2 23. Qc1 c5 24. dxc5 Qxc5 ({Better is} 24... Bd3 $11) 25. Bf1 {[%cal Rf1c4]} Rc8 26. Rb8 Ra8 27. Rxa8 Rxa8 28. Nd2 Rc8 29. Qc2 Qc6 30. Bh3 Ra8 31. Rc1 {[%cal Rd2c4]} Ra3 32. Qb1 Qa8 {Threatens to win with ...Ra1.} 33. Bg2 Bd3 34. Qb4 {Hoping for Bxd5!} Ra1 (34... Bc3 $5 35. Rxc3 Ra1+ 36. Bf1 Bxf1 $17) 35. Rxa1 Qxa1+ ({Reject} 35... Bxa1 $6 36. Qb3 $16) 36. Bf1 Bc3 $36 {[%mdl 2048] ( -> ...Bxd2). White is under pressure.} 37. Qb3 d4 {And now ...Qe1 would win.} 38. exd4 $2 {[#]} (38. e4 $11) 38... Qc1 $1 $19 39. Qb8+ {[#]} Kh7 $1 {[%mdl 512]} 40. Qf4 $2 (40. Qb3 $19) 40... Bxd2 {Accuracy: White = 83%, Black = 94%.} 0-1

[Event "Clutch Chess International"]
[Site "Saint Louis"]
[Date "2020.06.09"]
[Round "1.9"]
[White "Caruana, Fabiano"]
[Black "Dominguez Perez, Leinier"]
[Result "0-1"]
[WhiteElo "2773"]
[BlackElo "2786"]
[Annotator "TA"]
[PlyCount "162"]
[EventDate "2020.06.05"]
[EventType "k.o."]
[EventCountry "USA"]
[SourceTitle "playchess.com"]
[Source "ChessBase"]
[SourceQuality "1"]

{[%evp 13,162,6,2,-4,0,0,4,2,0,0,0,0,0,0,0,0,1,0,0,0,0,0,0,0,0,0,-8,0,-1,0,0,0,0,-20,-28,-32,12,0,0,-30,-32,-27,-22,-19,-15,-12,-12,-11,0,-38,-39,-44,-39,-88,-39,-139,-57,-57,-39,-70,-57,-70,-39,-39,-39,-39,-39,-39,-39,-39,-39,-39,0,0,0,-39,0,-39,0,-39,-39,-39,-39,-39,-39,-39,-39,-39,-39,-39,-39,-39,-39,-39,-39,-39,-39,-185,-171,-166,-193,-193,-39,-39,-39,-39,-39,-39,-39,-39,-39,-39,-39,-39,-39,-39,-39,-39,-39,-39,-39,-39,-39,-39,-39,-39,-39,-39,-39,-39,-39,-39,-39,-39,-39,-39,-39,-39,-39,-39,-39,-39,-39,-39,0,-39,0,-40,-40,-1952,-1755]} 1. d4 Nf6 2. c4 e6 3. Nc3 Bb4 4. e3 O-O 5. Nge2 d5 6. a3 Bd6 7. c5 Be7 8. Ng3 {E46: Nimzo-Indian: Rubinstein: 4 e3 0-0 5 Ne2 without early Bd3.} b6 9. b4 c6 10. Be2 {The position is equal.} a5 {White must now prevent ...axb4.} 11. Bd2 Ba6 12. O-O Bxe2 13. Ngxe2 Nbd7 14. Qc2 Qc7 {[#]} 15. Rfc1 $146 ({Predecessor:} 15. Rfb1 g6 16. Na4 axb4 17. axb4 bxc5 18. bxc5 e5 19. Nac3 Rfb8 20. Rxb8+ Qxb8 21. Rxa8 Qxa8 {½-½ (33) Oen,G (2177)-Ackermann,E (2296) ICCF email 2017}) 15... axb4 16. axb4 Qb7 17. f3 Rfe8 18. Be1 e5 19. Bg3 exd4 20. exd4 Nf8 21. Nf4 h6 22. Bf2 b5 23. Rxa8 Rxa8 24. Re1 Re8 25. Nd1 (25. Nce2 {keeps more tension.} N6d7 26. Nd3 Bf6 27. Qd2 Qa8 28. Qb2) 25... Bd8 26. Rxe8 (26. Ne3 {looks sharper.} g6 27. Qd2 h5 28. Bh4 Qb8 29. Nd3) 26... Nxe8 27. Qa2 Nc7 28. Nb2 Nfe6 {[%cal Bf8e6,Be6g7,Bg7f5][%mdl 32]} 29. Ne2 h5 30. Nd3 g6 31. h4 Ng7 32. g3 Nce6 33. g4 Qc8 34. Kg2 (34. Qa7 $15) 34... Nf8 (34... hxg4 $17 35. fxg4 g5) 35. g5 $15 Bc7 36. Qd2 Nf5 37. Nef4 Bxf4 38. Qxf4 Ne6 39. Qe5 Qa8 {[#] And now ...Qa2 would win.} 40. Nf4 $1 Nxf4+ 41. Qxf4 Qe8 42. Kf1 Qe6 43. Qb8+ Kh7 44. Qc7 Kg7 45. Qf4 Kh7 46. Qc7 Ng7 47. Qf4 Qh3+ 48. Kg1 Qf5 49. Qxf5 Nxf5 {[%mdl 4096] Endgame KB-KN} 50. Kg2 Kg8 51. Kh3 Kf8 52. Kg2 Ke7 53. Kh3 Ke6 54. Kg2 Ng7 55. Kg3 (55. Bg3 $15) 55... Kf5 $19 56. Bg1 Ne6 57. Be3 f6 $2 (57... Nc7 $19 58. Bf4 Na6) 58. gxf6 $15 Kxf6 59. f4 $1 Ng7 {Threatens to win with ...Nf5+.} 60. Kf3 Nf5 61. Bf2 Ke6 62. Ke2 Nh6 63. Kf3 Kf5 64. Be3 Ng4 65. Bg1 Nf6 66. Bf2 $1 Ne4 67. Be1 $1 Ke6 68. Ke2 Nf6 69. Bf2 Ne8 70. Kf3 Nc7 {Hoping for ...Kf5.} 71. Be1 $1 Kf6 72. Bg3 $1 Kf5 (72... Na6 $5 {[%cal Ra6b4]} 73. Be1 Nc7 $15) 73. Bf2 $1 Na6 74. Be1 Nb8 75. Bd2 Nd7 76. Be1 Nf8 {Strongly threatening ...Ne6.} 77. Bf2 Nh7 78. Be3 Nf6 79. Bf2 Ng4 80. Bg1 $1 Ke6 {...Kf5 is the strong threat.} 81. Ke2 $2 {[%mdl 8192] [#]} (81. Be3 $15) 81... Kf6 $1 {Accuracy: White = 82%, Black = 87%.} 0-1

[Event "Clutch Chess International"]
[Site "Saint Louis"]
[Date "2020.06.08"]
[Round "1.9"]
[White "Xiong, Jeffery"]
[Black "Carlsen, Magnus"]
[Result "0-1"]
[WhiteElo "2730"]
[BlackElo "2881"]
[Annotator "TA"]
[PlyCount "94"]
[EventDate "2020.06.05"]
[EventType "k.o."]
[EventCountry "USA"]
[SourceTitle "playchess.com"]
[Source "ChessBase"]
[SourceQuality "1"]

{[%evp 14,94,27,20,26,32,72,54,66,16,80,0,0,0,85,83,87,82,93,72,77,58,82,62,64,54,56,56,77,24,61,58,68,27,59,5,47,7,7,7,66,58,58,58,59,68,130,100,79,9,9,9,10,0,0,0,0,0,0,0,0,0,0,0,0,0,0,0,0,0,0,-291,-275,-29970,-29971,-29971,-29972,-29975,-29975,-29976,-29976,-29973,-29976]} 1. e4 c5 2. Nf3 d6 3. d4 cxd4 4. Nxd4 Nf6 5. Nc3 a6 6. Bd3 g6 7. f3 {is currently scoring better than 7.0-0. Played by Sergey Karjakin in May 2020.} Bg7 8. Be3 Nc6 {B72: Sicilian Dragon: 6 Be3, lines with h3+Bc4 and sidelines.} 9. Qd2 Bd7 10. O-O-O Rc8 {[#] White is slightly better.} 11. Nxc6 $146 ({Predecessor:} 11. g4 Ne5 12. h4 h5 13. g5 Nh7 14. f4 Nc4 15. Bxc4 Rxc4 16. Qd3 b5 17. Rhf1 {1-0 (36) Esser,S (1250)-Vanroose,S (1430) Houffalize 2009}) 11... Rxc6 (11... Bxc6 $11 {keeps the balance.} 12. Bc4 O-O) 12. Bh6 (12. Kb1 $16) 12... Bxh6 $11 13. Qxh6 Rxc3 (13... Qa5 $11) 14. bxc3 $16 Qa5 15. Kd2 Bc6 16. h4 Qxa2 17. Rb1 Qa3 18. Qe3 Qa5 19. g4 Nd7 20. Ra1 Qc5 21. f4 ({White should try} 21. Qd4 $16 O-O 22. g5) 21... e5 22. Qxc5 dxc5 23. Rhf1 Ke7 24. Ra5 (24. Ke3 $14) 24... h6 25. fxe5 Nxe5 26. Rxc5 Nxg4 (26... f6 $11) 27. e5 $14 Rd8 28. Rf4 h5 29. Rd4 Re8 ({Better is} 29... Ra8 $1 $14) 30. Bxa6 Kf8 31. Bb5 (31. Rb4 $16) 31... Nxe5 $11 32. Bxc6 bxc6 {[%mdl 4096] Endgame KRR-KRN} 33. Re4 f6 34. Ke3 Kf7 35. Kf4 Ra8 36. Rexe5 (36. Kg3 {seems wilder.} Ra2 37. Re2 Ra1 38. Kh3 Ra4 39. Kg3) 36... fxe5+ 37. Kxe5 {KR-KR} Re8+ 38. Kf4 Re6 39. c4 Rf6+ 40. Ke4 Kg7 41. Re5 Rf1 42. Kd4 $2 {[%mdl 8192]} (42. Rc5 $11 {and White stays safe.}) 42... Rf4+ $19 43. Re4 $2 (43. Kd3 $19 Rxh4 44. Rc5) 43... Rxe4+ {Black mates.} 44. Kxe4 Kf6 45. Kf4 {[#]} c5 $1 46. c3 {[#]} g5+ $1 {[%mdl 512]} 47. hxg5+ Kg6 {Accuracy: White = 66%, Black = 76%.} 0-1

[Event "Clutch Chess International"]
[Site "Saint Louis"]
[Date "2020.06.08"]
[Round "1.10"]
[White "Carlsen, Magnus"]
[Black "Xiong, Jeffery"]
[Result "1-0"]
[WhiteElo "2881"]
[BlackElo "2730"]
[Annotator "TA"]
[PlyCount "49"]
[EventDate "2020.06.05"]
[EventType "k.o."]
[EventCountry "USA"]
[SourceTitle "playchess.com"]
[Source "ChessBase"]
[SourceQuality "1"]

{[%evp 9,49,-14,-21,-9,-23,-35,-39,-56,-33,-41,-30,-28,-13,-16,-16,-9,22,8,0,-20,435,439,381,321,533,509,644,637,622,620,875,846,789,311,1250,1242,29984,29985,29985,1031,29986,29987]} 1. d4 Nf6 2. Nc3 d5 3. Bf4 e6 4. e3 Bb4 5. Nge2 O-O 6. a3 {D00: 1 d4 d5: Unusual lines.} Be7 {[#] 6...Bd6 is the hot move.} 7. Ng1 $146 ({Predecessor:} 7. Qd2 c5 8. dxc5 Bxc5 9. Nd4 Nc6 10. Nxc6 bxc6 11. Bd3 Qe7 12. Bg5 h6 13. Bh4 {1-0 (68) Esipenko,A (2620)-Sarana,A (2636) chess.com INT 2019}) 7... c5 8. Nf3 {Black is slightly better.} Nh5 9. dxc5 Nxf4 10. exf4 Bxc5 11. Bd3 g6 12. h4 Nc6 13. h5 Qf6 14. Qd2 e5 $2 {[%mdl 8192] [#] This move loses the game for Black.} (14... Nd4 $11 {and Black has nothing to worry.}) 15. Nxd5 $18 Qd6 16. Bc4 b5 $2 (16... Be6 {was necessary.} 17. hxg6 Bxd5 18. gxh7+ (18. Qxd5 hxg6 19. Rd1 Qe7 $18) 18... Kh8 19. Qxd5 (19. Bxd5 Nd4 $18) 19... exf4) 17. Ba2 exf4 18. O-O-O b4 {Now ...Bf5 and Black clings on.} 19. hxg6 hxg6 20. Ng5 Bf5 21. Nh7 $2 {[#]} (21. g4) 21... Rfd8 $2 (21... Kg7 22. Nxf8 Rxf8 23. axb4 Bxb4) 22. Nhf6+ Kf8 23. Rh8+ Kg7 24. Rh7+ Kf8 25. Rdh1 {Accuracy: White = 91%, Black = 47%.} 1-0